[Event "Managua Arellano Memorial"]
[Site "Managua"]
[Date "2023.07.22"]
[Round "1"]
[White "Picado, Jorge Luis"]
[Black "Allen Montes, Charles Mijail"]
[Result "1-0"]
[WhiteElo "2114"]
[BlackElo "1485"]
[PlyCount "51"]
[EventDate "2023.07.22"]
[EventType "swiss"]
[EventRounds "9"]
[EventCountry "NCA"]
[SourceTitle "EXT 2024"]
[Source "ChessBase"]
[SourceDate "2023.10.10"]
[SourceVersion "1"]
[SourceVersionDate "2023.10.10"]
[SourceQuality "1"]

1. e4 d5 2. exd5 Nf6 3. Bb5+ Bd7 4. Bc4 Bg4 5. f3 Bh5 6. Nc3 c6 7. dxc6 Nxc6 8. Nge2 e6 9. d4 Bb4 10. 0-0 a6 11. Kh1 Rc8 12. d5 Na5 13. Bd3 Bxc3 14. Nxc3 Nxd5 15. Ne4 Nb4 16. Nd6+ Kf8 17. Nxc8 Qxc8 18. g4 Bg6 19. Bxg6 hxg6 20. Qd6+ Kg8 21. Qxb4 Qxc2 22. Bf4 Nc6 23. Qxb7 Nd4 24. Rac1 Qe2 25. Qc8+ Kh7 26. Qc4 1-0

[Event "Managua Hurtado Memorial 22nd"]
[Site "Managua"]
[Date "2022.12.26"]
[Round "1"]
[White "Picado, Jorge Luis"]
[Black "Nieto Sanchez, Andy Daniel"]
[Result "1-0"]
[WhiteElo "2074"]
[BlackElo "1732"]
[PlyCount "59"]
[EventDate "2022.12.26"]
[EventType "swiss"]
[EventRounds "9"]
[EventCountry "NCA"]
[SourceTitle "CBM 212 Extra"]
[Source "ChessBase"]
[SourceDate "2023.03.31"]
[SourceVersion "1"]
[SourceVersionDate "2023.03.31"]
[SourceQuality "1"]

1. e4 c5 2. Nf3 e6 3. c3 Nf6 4. e5 Nd5 5. d4 cxd4 6. cxd4 Nc6 7. Nc3 Bb4 8. Bd2 Nb6 9. Ne4 d5 10. Nc3 Bd7 11. Bd3 h6 12. 0-0 Nc4 13. Bc1 N6a5 14. Ne2 b5 15. a3 Be7 16. b3 Nb6 17. Bd2 Nb7 18. Nf4 a5 19. Qe2 a4 20. Bxb5 axb3 21. Rab1 Na5 22. Bxa5 Rxa5 23. Bxd7+ Qxd7 24. Rxb3 Nc4 25. Nd2 Nxd2 26. Qxd2 Ra8 27. Nh5 g6 28. Nf6+ Bxf6 29. exf6 g5 30. f4 1-0

[Event "NCA-ch sf"]
[Site "Managua"]
[Date "2022.02.19"]
[Round "4"]
[White "Picado, Jorge Luis"]
[Black "Ulloa Diaz, Felipe Josue"]
[Result "1-0"]
[WhiteElo "2123"]
[BlackElo "1548"]
[PlyCount "95"]
[EventDate "2022.02.12"]
[EventType "swiss"]
[EventRounds "9"]
[EventCountry "NCA"]
[SourceTitle "EXT 2023"]
[Source "ChessBase"]
[SourceDate "2022.10.05"]
[SourceVersion "1"]
[SourceVersionDate "2022.10.05"]
[SourceQuality "1"]

1. e4 e5 2. f4 Nc6 3. Nf3 d6 4. Nc3 Nf6 5. Bb5 Bd7 6. 0-0 Qe7 7. d3 0-0-0 8. a3 Kb8 9. Kh1 h6 10. Qe1 g6 11. Bc4 Bg7 12. b4 exf4 13. Bxf4 Nh5 14. Bd2 Be6 15. Bxe6 fxe6 16. Rd1 Nd4 17. Nxd4 Bxd4 18. Ne2 Bb6 19. g4 Nf6 20. Qg3 e5 21. Rf3 Qe6 22. h3 Nh7 23. Rdf1 g5 24. c4 c6 25. Nc3 Bc7 26. Rf5 Rhf8 27. Qf3 Rxf5 28. Qxf5 Qxf5 29. Rxf5 Rf8 30. Kg2 Kc8 31. Be3 b6 32. b5 Rxf5 33. gxf5 Kd7 34. d4 Nf6 35. Kf3 cxb5 36. cxb5 Bd8 37. d5 Nh5 38. Ne2 Nf4 39. Bxf4 gxf4 40. Kg4 Bg5 41. Ng1 Ke7 42. Nf3 Bf6 43. Kh5 Bg7 44. Kg6 Bf8 45. f6+ Ke8 46. h4 h5 47. Ng5 Kd7 48. Kxh5 1-0

[Event "Managua Hurtado Memorial"]
[Site "Managua"]
[Date "2021.12.28"]
[Round "4"]
[White "Picado, Jorge Luis"]
[Black "Pilarte Tijerino, Rene Antonio"]
[Result "1/2-1/2"]
[WhiteElo "2141"]
[BlackElo "2096"]
[PlyCount "60"]
[EventDate "2021.12.26"]
[EventType "tourn"]
[EventRounds "9"]
[EventCountry "NCA"]
[SourceTitle "CBM 206 Extra"]
[Source "ChessBase"]
[SourceDate "2022.03.31"]
[SourceVersion "1"]
[SourceVersionDate "2022.03.31"]
[SourceQuality "1"]

1. e4 e5 2. Nf3 Nc6 3. Bb5 a6 4. Bxc6 dxc6 5. 0-0 Bd6 6. d4 exd4 7. Qxd4 f6 8. Be3 Ne7 9. Nbd2 Be6 10. Rad1 Ng6 11. Nc4 Bxc4 12. Qxc4 Qe7 13. b4 Qf7 14. Qxf7+ Kxf7 15. c3 Rhe8 16. Nd2 a5 17. a3 axb4 18. axb4 Ra3 19. Bd4 Ra2 20. f3 Nf4 21. Nc4 Rxg2+ 22. Kh1 Rc2 23. Rf2 Rxf2 24. Bxf2 Ra8 25. Bg3 Ne2 26. Bxd6 cxd6 27. Nxd6+ Ke6 28. Nxb7 Nxc3 29. Rd3 Ra1+ 30. Kg2 Nb5 1/2-1/2

[Event "Managua Hurtado Memorial 20th"]
[Site "Managua"]
[Date "2020.12.30"]
[Round "8"]
[White "Picado, Jorge Luis"]
[Black "Simplina, Amor"]
[Result "1/2-1/2"]
[WhiteElo "2202"]
[BlackElo "2132"]
[PlyCount "136"]
[EventDate "2020.12.26"]
[EventType "swiss"]
[EventRounds "9"]
[EventCountry "NCA"]
[SourceTitle "CBM 200 Extra"]
[Source "ChessBase"]
[SourceDate "2021.03.31"]
[SourceVersion "1"]
[SourceVersionDate "2021.03.31"]
[SourceQuality "1"]

1. e4 c5 2. c4 d6 3. g3 Nc6 4. Bg2 g6 5. h3 Bg7 6. Ne2 Nf6 7. Nbc3 a6 8. 0-0 Bd7 9. d3 Rb8 10. Be3 b5 11. b3 0-0 12. Rb1 Qa5 13. Qd2 Ne8 14. f4 Nd4 15. Kh2 Nxe2 16. Nxe2 Qxd2 17. Bxd2 Nc7 18. f5 Ne8 19. g4 Be5+ 20. Kh1 Kg7 21. Ng1 h6 22. Nf3 b4 23. Be3 Bc3 24. d4 cxd4 25. Bxd4+ Bxd4 26. Nxd4 e5 27. Nc2 g5 28. Rbd1 Rb7 29. Ne3 f6 30. Rd3 Bc6 31. Rfd1 Rff7 32. Bf3 Rfd7 33. Kg2 Kf7 34. Kf2 Ke7 35. Rh1 a5 36. h4 a4 37. hxg5 hxg5 38. Rb1 Nc7 39. bxa4 Na6 40. Rdb3 Rd8 41. Ke2 Rh8 42. R1b2 Rh2+ 43. Kf1 Rh8 44. a5 Kd7 45. Nd5 Bxd5 46. cxd5 Nc5 47. Rxb4 Rxb4 48. Rxb4 Ra8 49. Rb5 Kc7 50. Ke1 Nb7 51. Kd2 Rxa5 52. Rxa5 Nxa5 53. Kc3 Kb6 54. Kb4 Nb7 55. a4 Na5 56. Bg2 Nb7 57. Bf1 Na5 58. Bb5 Nb7 59. Bc6 Nc5 60. a5+ Ka6 61. Bb5+ Kb7 62. Bf1 Nxe4 63. Kb5 Nc3+ 64. Kc4 Nd1 65. Kb5 Nc3+ 66. Kc4 Ne4 67. Kb5 Nc3+ 68. Kc4 Ne4 1/2-1/2

[Event "NCA-chT Final"]
[Site "Managua"]
[Date "2020.10.31"]
[Round "5.3"]
[White "Picado, Jorge Luis"]
[Black "Berrios, Natanael"]
[Result "0-1"]
[WhiteElo "2262"]
[BlackElo "1857"]
[PlyCount "136"]
[EventDate "2020.10.24"]
[EventType "team-tourn"]
[EventRounds "11"]
[EventCountry "NCA"]
[SourceTitle "EXT 2022"]
[Source "ChessBase"]
[SourceDate "2021.10.06"]
[SourceVersion "1"]
[SourceVersionDate "2021.10.06"]
[SourceQuality "1"]

1. c4 Nf6 2. Nc3 g6 3. g3 Bg7 4. Bg2 0-0 5. d4 d6 6. e4 e5 7. d5 Nbd7 8. Be3 Nb6 9. b3 Ng4 10. Bd2 f5 11. h3 Nf6 12. f3 fxe4 13. fxe4 Nh5 14. Nge2 Nd7 15. Be3 a6 16. Qd2 Rb8 17. 0-0-0 b5 18. cxb5 axb5 19. b4 Nb6 20. Rhf1 Nc4 21. Qd3 Bd7 22. Rxf8+ Bxf8 23. Bf3 Qc8 24. g4 Qa6 25. Nb1 Qxa2 26. Rd2 Nxd2 27. Bxd2 Nf6 28. Qc2 Qxc2+ 29. Kxc2 Ra8 30. Nec3 c5 31. dxc6 Bxc6 32. g5 Nd7 33. Be3 Be7 34. Be2 Nf8 35. Kb3 Ne6 36. Na3 Bxg5 37. Bxg5 Nxg5 38. Naxb5 Rd8 39. Na7 Bxe4 40. h4 Nf3 41. Nxe4 Nd4+ 42. Kc4 d5+ 43. Kc5 dxe4 44. Bc4+ Kg7 45. b5 e3 46. Nc6 Rc8 47. Kd6 e2 48. Bxe2 Nxe2 49. b6 Nd4 50. Nxe5 Nf5+ 51. Kd7 Rb8 52. Kc7 Rxb6 53. Kxb6 Nxh4 54. Kc5 Kf6 55. Kd5 Kf5 56. Kd4 g5 57. Nd3 Ng2 58. Nf2 h5 59. Kd3 Nf4+ 60. Ke3 g4 61. Nd1 h4 62. Kf2 h3 63. Ne3+ Kg5 64. Kg3 Nh5+ 65. Kf2 g3+ 66. Kg1 Nf4 67. Nf1 Ne2+ 68. Kh1 g2+ 0-1

[Event "Managua Torre del Rey op"]
[Site "Managua"]
[Date "2020.09.27"]
[Round "7"]
[White "Picado, Jorge Luis"]
[Black "Alfaro Caracas, William"]
[Result "1/2-1/2"]
[WhiteElo "2262"]
[BlackElo "2135"]
[PlyCount "30"]
[EventDate "2020.09.19"]
[EventType "swiss"]
[EventRounds "9"]
[EventCountry "NCA"]
[SourceTitle "EXT 2021"]
[Source "ChessBase"]
[SourceDate "2020.10.23"]
[SourceVersion "1"]
[SourceVersionDate "2020.10.23"]
[SourceQuality "1"]

1. e4 c5 2. Nf3 Nc6 3. Bb5 g6 4. 0-0 Bg7 5. Bxc6 dxc6 6. d3 Nf6 7. a4 0-0 8. Nc3 b6 9. h3 e5 10. Be3 Qd6 11. Qd2 Nh5 12. g4 Nf4 13. Bxf4 exf4 14. Rfe1 h5 15. e5 Qd7 1/2-1/2

[Event "Managua Gomez Argenal Memorial"]
[Site "Managua"]
[Date "2020.06.14"]
[Round "5"]
[White "Picado, Jorge Luis"]
[Black "Granados Diaz, Maria Esther"]
[Result "1-0"]
[WhiteElo "2228"]
[BlackElo "1824"]
[PlyCount "229"]
[EventDate "2020.06.06"]
[EventType "swiss"]
[EventRounds "9"]
[EventCountry "NCA"]
[SourceTitle "CBM 197 Extra"]
[Source "ChessBase"]
[SourceDate "2020.09.30"]
[SourceVersion "1"]
[SourceVersionDate "2020.09.30"]
[SourceQuality "1"]

1. e4 Nf6 2. e5 Nd5 3. c4 Nb6 4. d4 d6 5. exd6 exd6 6. Nc3 Be7 7. Nf3 0-0 8. b3 Bf6 9. Be2 Re8 10. Be3 Nc6 11. 0-0 Bf5 12. Qd2 a5 13. d5 Nb4 14. Nd4 Bxd4 15. Bxd4 Nc2 16. Rad1 Nxd4 17. Qxd4 Qg5 18. f4 Qe7 19. Bf3 a4 20. Rfe1 Qd7 21. Rxe8+ Rxe8 22. b4 a3 23. c5 Nc8 24. Kf2 Bg4 25. Rd3 Bxf3 26. Kxf3 h5 27. h3 h4 28. Re3 Rxe3+ 29. Qxe3 Ne7 30. Qe4 Nf5 31. c6 bxc6 32. dxc6 Qe6 33. Nd5 Qg6 34. Qxf5 Qg3+ 35. Ke2 Qxg2+ 36. Kd3 Qxa2 37. Nc3 Qb3 38. Qa5 d5 39. Qxc7 a2 40. Qd8+ Kh7 41. Qxh4+ Kg8 42. Qd8+ Kh7 43. Qh4+ Kg8 44. Qd8+ Kh7 45. Qxd5 Qxd5+ 46. Nxd5 a1Q 47. c7 Qf1+ 48. Kd4 Qxh3 49. Nb6 Qg4 50. c8Q Qg1+ 51. Kd5 Qxb6 52. Qc5 Qe6+ 53. Kd4 Qg4 54. Qc7 Qd1+ 55. Kc5 Qc1+ 56. Kb6 Qe3+ 57. Kb5 Qe2+ 58. Qc4 Qe8+ 59. Kc5 Qc8+ 60. Kd4 Qd7+ 61. Kc3 f5 62. Qc5 g6 63. b5 Qd1 64. Qc7+ Kh6 65. b6 Qc1+ 66. Kb4 Qd2+ 67. Kb5 Qd5+ 68. Qc5 Qb7 69. Qc6 Qb8 70. Qc7 Qe8+ 71. Kc5 Qe3+ 72. Kc6 Qe4+ 73. Kd7 Qd5+ 74. Ke7 Qe4+ 75. Kf7 Qd5+ 76. Kf8 Qa8+ 77. Ke7 Qe4+ 78. Qe5 Qb7+ 79. Qc7 Qe4+ 80. Kd7 Qd5+ 81. Qd6 Qb7+ 82. Kd8 Kh5 83. Ke8 Kh6 84. Kf8 Qg7+ 85. Ke8 Qb7 86. Qf6 Qe4+ 87. Kd8 Qd5+ 88. Kc7 Qc4+ 89. Kb7 Qxf4 90. Qh8+ Kg5 91. Qd8+ Kg4 92. Qc7 Qe4+ 93. Kb8 Qe8+ 94. Qc8 Qe5+ 95. Ka7 Qa1+ 96. Qa6 Qg7+ 97. b7 f4 98. Ka8 Qf8+ 99. b8Q Qxb8+ 100. Kxb8 g5 101. Kc7 Kg3 102. Kd6 Kf2 103. Ke5 f3 104. Kf5 Kg1 105. Qa1+ Kg2 106. Qa8 Kg3 107. Qb8+ Kh3 108. Qh8+ Kg2 109. Kg4 f2 110. Qh3+ Kg1 111. Kg3 f1N+ 112. Kf3 Nh2+ 113. Ke2 g4 114. Qg3+ Kh1 115. Kf2 1-0